О расчете нелинейных цепей переменного тока; Известия Томского политехнического университета [Известия ТПУ]; Т. 306, № 7
| Parent link: | Известия Томского политехнического университета [Известия ТПУ]/ Томский политехнический университет (ТПУ).— , 2000- Т. 306, № 7.— 2003.— [С. 109-113] |
|---|---|
| Hovedforfatter: | |
| Andre forfattere: | |
| Summary: | Заглавие с титульного листа Электронная версия печатной публикации Из журнала "Известия Томского политехнического института". - 1954. - Т. 76. - С. 51-58. Рассматривается вопрос о расчете электрических цепей с такими нелинейными элементами, присутствие которых не ведет к заметному отклонению режима работы цепи от минусоидального, и показывается, что при наличии вольт- и фазово-амперных характеристик элементов расчет может быть произведен по методу итерации. |
| Sprog: | russisk |
| Udgivet: |
2003
|
| Serier: | Избранные статьи из фондов журнала Технические науки |
| Fag: | |
| Online adgang: | http://www.lib.tpu.ru/fulltext/v/Bulletin_TPU/2003/v306/i7/21.pdf |
| Format: | MixedMaterials Electronisk Book Chapter |
| KOHA link: | https://koha.lib.tpu.ru/cgi-bin/koha/opac-detail.pl?biblionumber=168240 |
MARC
| LEADER | 00000nla2a2200000 4500 | ||
|---|---|---|---|
| 001 | 168240 | ||
| 005 | 20231031163038.0 | ||
| 035 | |a (RuTPU)RU\TPU\book\182534 | ||
| 035 | |a RU\TPU\book\182533 | ||
| 090 | |a 168240 | ||
| 100 | |a 20091026d2003 k y0rusy50 ca | ||
| 101 | 0 | |a rus | |
| 102 | |a RU | ||
| 135 | |a drnn ---uucaa | ||
| 181 | 0 | |a i | |
| 182 | 0 | |a b | |
| 200 | 1 | |a О расчете нелинейных цепей переменного тока |b Электронный ресурс |f Г. Е. Пухов, С. П. Амосова | |
| 203 | |a Текст |c электронный | ||
| 215 | |a 1 файл (777 Кб) | ||
| 225 | 1 | |a Избранные статьи из фондов журнала | |
| 225 | 1 | |a Технические науки | |
| 230 | |a Электронные текстовые данные (1 файл : 777 Кб) | ||
| 300 | |a Заглавие с титульного листа | ||
| 300 | |a Электронная версия печатной публикации | ||
| 300 | |a Из журнала "Известия Томского политехнического института". - 1954. - Т. 76. - С. 51-58. | ||
| 320 | |a [Библиогр.: с. 113 (5 назв.)] | ||
| 330 | |a Рассматривается вопрос о расчете электрических цепей с такими нелинейными элементами, присутствие которых не ведет к заметному отклонению режима работы цепи от минусоидального, и показывается, что при наличии вольт- и фазово-амперных характеристик элементов расчет может быть произведен по методу итерации. | ||
| 337 | |a Adobe Reader | ||
| 461 | 1 | |0 (RuTPU)RU\TPU\book\176237 |t Известия Томского политехнического университета [Известия ТПУ] |f Томский политехнический университет (ТПУ) |d 2000- | |
| 463 | 1 | |0 (RuTPU)RU\TPU\book\182431 |t Т. 306, № 7 |v [С. 109-113] |d 2003 |p 222 с. | |
| 610 | 1 | |a труды учёных ТПУ | |
| 610 | 1 | |a электронный ресурс | |
| 610 | 1 | |a нелинейные цепи | |
| 610 | 1 | |a цепи переменного тока | |
| 610 | 1 | |a результаты расчетов | |
| 610 | 1 | |a электрические цепи | |
| 610 | 1 | |a синусоидальные режимы | |
| 610 | 1 | |a нелинейные элементы | |
| 610 | 1 | |a вольтамперные характеристики | |
| 610 | 1 | |a фазово-амперные характеристики | |
| 610 | 1 | |a метод итерации | |
| 610 | 1 | |a итерация | |
| 610 | 1 | |a итерационные методы | |
| 700 | 1 | |a Пухов |b Г. Е. |c российский ученый |c электротехник |c профессор Томского политехнического университета |f 1916- |g Георгий Евгеньевич |2 stltpush |3 (RuTPU)RU\TPU\pers\19855 | |
| 701 | 1 | |a Амосова |b С. П. | |
| 801 | 1 | |a RU |b 63413507 |c 20090623 |g PSBO | |
| 801 | 2 | |a RU |b 63413507 |c 20131014 |g PSBO | |
| 856 | 4 | |u http://www.lib.tpu.ru/fulltext/v/Bulletin_TPU/2003/v306/i7/21.pdf | |
| 942 | |c CF | ||